01691nam a22002657a 4500003000900000005001700009007000300026008004100029020001800070040002600088082000700114100004200121245005900163260004100222300002300263500007100286505063800357590002900995910001501024942001401039952011501053952012001168952012001288999001701408DO-SdBNP20221101132932.0ta211130b2018 dr ||||| |||| 00| f spa d a9789945614077 aDO-SdBNPbspacBNPHU  42221 aUreña Bravo, Carlos, d1957-98078510aUn despertar entre dos vidas / cCarlos Ureña Bravo  a Santo Domingo : bSantuario,c2018. a111 p. ; c23 cm.  aIncluye datos biográficos del autor en la solapa de la cubierta.0 aDedicatoria -- Presentación -- Prólogo -- Irreverencia y esoterismo -- Iras del Gateo -- Confusión y expreriencias Vividas -- Lic. Cruz hace solicitud -- Rompiendo Inhibiciones -- Las Medidas del Jefe de Pandilla -- Introspección y frustración -- A la prisión -- Acuerdo, entrevista y pesadilla -- Empieza hablar y experto investigador visita la cárcel -- El amor después del amor -- La contratación y las dos misiones -- La organización del mal -- EL poder menta -- Sintonía entre ambos -- Continúa las revelaciones -- Pasión y vida -- No somos dioses -- Como las pesadillas -- El despertar --  aInventariado, 2021 /LP  aLopérez. 2ddccLBS1 00102ddc51708PDaBNPHUbBNPHUcHDd2021-11-30eDepósito Legal p2021-28438r2021-11-30w2021-11-30yLBS1 00102ddc51708PDaBNPHUbBNPHUcHDd2021-11-30eDepósito Legal p2021-28439r2021-11-30te.2w2021-11-30yLBS1 00102ddc56708DSaBNPHUbBNPHUcHDd2021-11-30eDepósito Legal p2021-28440r2021-11-30te.3w2021-11-30yLBS1 c51076d51076